000 00396nam a2200157Ia 4500
008 220803s9999 xx 000 0 und d
020 _a0-7134-7876-4
041 _aeng
082 _a696 BAR
100 _aBarker T
_913438
245 _aConcepts In Practice : Lighting
260 _aTokyo
_bB T Batsford
_c1997
300 _a128p
500 _aArchitecture
650 _aBuilding Services
_913439
999 _c10446
_d10446